| 000 | 00497nam a22001817a 4500 | ||
|---|---|---|---|
| 003 | OSt | ||
| 005 | 20140310182101.0 | ||
| 008 | 130823t xxu||||| |||| 00| 0 eng d | ||
| 050 |
_aGV 965 _b.N842 1996 |
||
| 082 |
_aHS 756.352 _bN78 1995 |
||
| 100 |
_aNorman, Greg _912748 |
||
| 245 |
_aUltimate challenge golf : _baddendum to player's guide / |
||
| 260 |
_aDanbury, CT : _bGrolier Interactive Inc, _cc1995. |
||
| 300 |
_a66 p. ; _c23 cm. |
||
| 650 |
_aGolf _912749 |
||
| 942 | _2lcc | ||
| 999 |
_c9188 _d9188 |
||